Les 10 artistes les plus écoutés en France en 2022 sur Spotify - Statistiques

Statistiques générales
  • Ce quiz a été pris 542 fois
  • Le résultat moyen est 5 sur 10
Statistiques - réponses
Top Artiste % Correct
1 Jul
89%
2 Ninho
79%
4 Damso
68%
5 PNL
60%
3 Gazo
50%
10 Nekfeu
48%
6 Naps
44%
8 Tiakola
39%
7 Orelsan
36%
9 The Weeknd
17%
Aucun quiz correspondant
Distribution des résultats
% des personnes avec chaque résultat
Percentile par nombre de réponses
Votre historique - résultats
Vous n’avez pas pris ce quiz